Estudios sobre el lexico romanico /

Saved in:
Bibliographic Details
Main Author: Rohlfs, Gerhard, 1892-
Format: Book
Language:English
Published: Madrid : Editorial Gredos, 1979.
Edition:Ed. conjunta, revisada y aumentada.
Series:Biblioteca románica hispánica. Estudios y ensayos ; 294.
Subjects:
LEADER 01299nam a2200301 i 4500
001 c000251640
003 CARM
005 00000000000000.0
008 840412s1979 sp a 000 0 eng d
019 1 |a 2044530  |5 LACONCORD2021 
020 |a 8424908112 
035 |a (OCoLC)6075735  |5 LACONCORD2021 
082 0 4 |a 440.2 
100 1 |a Rohlfs, Gerhard,  |d 1892- 
245 1 0 |a Estudios sobre el lexico romanico /  |c Gerhard Rohlfs ; reelaboracion parcial y notas de Manuel Alvar. 
250 |a Ed. conjunta, revisada y aumentada. 
260 |a Madrid :  |b Editorial Gredos,  |c 1979. 
300 |a 444p. :  |b ill. 
490 1 |a Biblioteca romanica hispanica. 2. Estudios y ensayos ;  |v 294 
504 |a Bibliografia de G. Rohlfs: p.[346]-377. 
650 0 |a Romance languages  |x Etymology. 
650 0 |a Romance languages  |x History. 
830 0 |a Biblioteca románica hispánica.  |n II.  |p Estudios y ensayos ;  |v 294. 
852 8 |b CARM  |h A2:AR15G0  |i B07106  |p 0372412  |f BK 
852 8 |b CARM  |h A1:AL22E0  |i B10106  |p 0452795  |f BK 
999 f f |i af360d38-8c7e-5141-a43a-93c904a19455  |s f111df98-623e-5275-95fc-2a5a859ea402 
952 f f |p Can circulate  |a CAVAL  |b CAVAL  |c CAVAL  |d CARM 1 Store  |e B10106  |f A1:AL22E0  |h Other scheme  |i book  |m 0452795 
952 f f |p Can circulate  |a CAVAL  |b CAVAL  |c CAVAL  |d CARM 1 Store  |e B07106  |f A2:AR15G0  |h Other scheme  |i book  |m 0372412